Catecismo mayor
Gespeichert in:
| 1. Verfasser: | |
|---|---|
| Format: | Buch |
| Sprache: | Spanisch |
| Veröffentlicht: |
Madrid
Magisterio Español S. A
1973
|
| Ausgabe: | 3a. ed |
| Schlagworte: | |
| Tags: |
Tag hinzufügen
Keine Tags, Fügen Sie den ersten Tag hinzu!
|
MARC
| LEADER | 00000cam a2200000 a 4500 | ||
|---|---|---|---|
| 001 | UCD4364 | ||
| 003 | CL-VaPUC | ||
| 008 | 160708e19730000sp |||||||||||||||||spa|d | ||
| 020 | |a 8426560229 | ||
| 082 | 0 | 4 | |a 268.6 |b SAN |2 21 |
| 100 | 0 | |a San Pío X |e author |9 337648 | |
| 245 | 1 | 0 | |a Catecismo mayor |
| 250 | |a 3a. ed | ||
| 300 | |a 207 p | ||
| 942 | |c BK | ||
| 945 | |d 20160708 23:22:00 |a dcastane | ||
| 260 | |a Madrid |b Magisterio Español S. A |c 1973 | ||
| 650 | 0 | |a Catecismo |9 333878 | |
| 650 | 0 | |a Catequesis |9 314526 | |
| 583 | |a last modification |c 20160708 23:22:00 |k Rodrigo Vera | ||
| 999 | |c 365285 |d 365283 | ||
| 952 | |0 0 |1 0 |3 erb |4 0 |6 268_600000000000000_SAN_1973 |7 0 |8 A |9 479080 |a FDOHBE |b FDOHBE |e Huesbe Llanos, Marco Antonio, 1934- |i 5332311 |o 268.6 SAN 1973 |p 5332311 |r 2024-01-30 |w 2019-11-24 |y BK |z Catalogado en:20160708 |k HBE | ||